NFL Records That Will Never Be Broken - Statistics

General Stats
  • This quiz has been taken 51 times
  • The average score is 7 of 15
Answer Stats
Hint Answer % Correct
Most Career Receiving Yards (22,895) Jerry Rice
90%
Most consecutive Games Played By QB (297) Brett Favre
88%
Most Career Ints Thrown (336) Brett Favre
88%
Most Straight Super Bowl Losses (4) Bills
80%
Most Passing TDS In One Quarter (5) Tom Brady
78%
Most Sacks In A Game (7) Derrick Thomas
73%
Most Career Rushing Attempts (4,409) Emmitt Smith
73%
Most Rec. In A Season (149) Michael Thomas
73%
Most Consecutive Losses 26
17%
Most Consecutive Road WIns 18
15%
Most Career Ints (81) Paul Krause
12%
Longest Attempted Field Goal (76 YDS) Sebastian Janikowski
10%
Most Points In 1 Quarter (29) Don Hutson
7%
Most Ints In one Game (8) Jim Hardy
5%
Most Rec Yards In One Game (336) Willie Anderson
5%
No matching quizzes found
Score Distribution
Percent of People with Each Score
Percentile by Number Answered
Your Score History
You have not taken this quiz